000 00357 a2200169 4500
001 195412
020 _a978-65-88002-09-4
040 _cMagnum
100 _aVeridiano, Denise
240 1 0 _aAurora adormecida
_lpor
245 1 0 _aAurora adormecida
300 _a19
362 0 _a2022
440 1 _aVereda
697 _aLITERATURA INFANTO
942 _cBK
999 _c195412
_d195412